Diseño estructural de la superestructura de la casa de máquinas, P.H. Pirrís
में बचाया:
| मुख्य लेखक: | |
|---|---|
| अन्य लेखक: | |
| स्वरूप: | पुस्तक |
| प्रकाशित: |
San José, Costa Rica
1998
|
| विषय: | |
| टैग: |
टैग जोड़ें
कोई टैग नहीं, इस रिकॉर्ड को टैग करने वाले पहले व्यक्ति बनें!
|
MARC
| LEADER | 00000nam a2200000Ia 4500 | ||
|---|---|---|---|
| 003 | 008417 | ||
| 005 | 20230922134941.0 | ||
| 008 | 140114s1998 cr a m 000 ||s d | ||
| 040 | |c cru CEDI | ||
| 090 | |a TFG 3816 | ||
| 100 | |a Jiménez Granados, Raúl, 1973- |9 1633 | ||
| 245 | |a Diseño estructural de la superestructura de la casa de máquinas, P.H. Pirrís | ||
| 260 | |a San José, Costa Rica |c 1998 | ||
| 300 | |a 116, [18] hojas : ilustraciones | ||
| 500 | |a Proyecto de graduación (licenciatura en ingeniería civil)--Universidad de Costa Rica. Escuela de Ingeniería Civil | ||
| 501 | |a Director de Proyecto de Graduación Ing. Alvaro Poveda Vargas, M.Sc. | ||
| 650 | |x INSTITUTO COSTARRICENSE DE ELECTRICIDAD.. PROYECTO HIDROELECTRICO PIRRIS |x ENERGIA HIDRAULICA - DISEÑO Y CONSTRUCCION |9 9147 | ||
| 700 | |9 264 |a Poveda Vargas, Álvaro Enrique, 1955- |d Director del TFG | ||
| 942 | |c CEDI | ||
| 999 | |c 18690 |d 18690 | ||
